Normal view
MARC view
Entry Personal Name
001 - CONTROL NUMBER
- control field: 990
003 - CONTROL NUMBER IDENTIFIER
- control field: csc
005 - DATE AND TIME OF LATEST TRANSACTION
- control field: 20140507162054.0
008 - FIXED-LENGTH DATA ELEMENTS
- fixed length control field: 130522|| aca||aabn | a|a d
040 ## - CATALOGING SOURCE
- Original cataloging agency: csc
- Transcribing agency: csc
100 ## - HEADING--PERSONAL NAME
- Personal name: Forrester, Philippa,
- Dates associated with a name: 1968-
- General subdivision: Homes and haunts.
670 ## - SOURCE DATA FOUND
- Source citation: Work cat.: (csc)235: Forrester, Philippa, 1968- 745, Halcyon River diaries /, 2010.